Apertura comercial y ajuste de las empresas/
Guardado en:
| Autor principal: | |
|---|---|
| Otros Autores: | |
| Formato: | Desconocido |
| Publicado: |
San José:
Academia de Centroamérica; CINDE
|
| Materias: | |
| Etiquetas: |
Agregar Etiqueta
Sin Etiquetas, Sea el primero en etiquetar este registro!
|
MARC
| LEADER | 00000 a2200000 04500 | ||
|---|---|---|---|
| 001 | 10275 | ||
| 003 | |||
| 008 | 991231s d | ||
| 040 | |a CRAI/IIS |c CRAI/IIS | ||
| 090 | |a 135604 | ||
| 100 | 1 | |a Camacho Mejía, Edna | |
| 245 | |a Apertura comercial y ajuste de las empresas/ |c Edna Camacho Mejía | ||
| 260 | |a San José: |b Academia de Centroamérica; CINDE | ||
| 300 | |a xv, 262 p. | ||
| 650 | |a EMPRESAS | ||
| 650 | |a COSTA RICA | ||
| 650 | |a EXPORTACIONES | ||
| 650 | |a MERCADO | ||
| 650 | |a CAMBIO TECNOLOGICO | ||
| 650 | |a PRODUCCION | ||
| 650 | |a COMERCIALIZACION | ||
| 650 | |a DISTRIBUCION | ||
| 650 | |a CONDICIONES ECONOMICAS | ||
| 700 | |a | ||
| 700 | |a González Vega, Claudio | ||
| 700 | |a | ||
| 999 | |c 16899 |d 16899 | ||
